[Event "EU-ch U18 Girls 30th"]
[Site "Antalya"]
[Date "2022.11.13"]
[Round "8"]
[White "Palamarevic, Mina"]
[Black "Ruzic, Pia Marie"]
[Result "0-1"]
[WhiteElo "1668"]
[BlackElo "1987"]
[PlyCount "50"]
[EventDate "2022.11.06"]
[EventType "swiss"]
[EventRounds "9"]
[EventCountry "TUR"]
[SourceTitle "EXT 2024"]
[Source "ChessBase"]
[SourceDate "2023.10.10"]
[SourceVersion "1"]
[SourceVersionDate "2023.10.10"]
[SourceQuality "1"]

1. d4 Nf6 2. Nf3 g6 3. Bf4 Bg7 4. Nc3 d5 5. Nb5 Na6 6. e3 0-0 7. h3 c6 8. Nc3 b6 9. Bd3 Nb4 10. Be2 c5 11. Ne5 Bb7 12. a3 Nc6 13. 0-0 a6 14. dxc5 bxc5 15. Na4 Ne4 16. f3 Nxe5 17. fxe4 Qa5 18. Nc3 dxe4 19. Bxe5 Bxe5 20. Qd7 Qc7 21. Rad1 Rad8 22. Qa4 Qb6 23. Rxd8 Rxd8 24. Qc4 e6 25. Na4 Qa5 0-1

[Event "EU-ch U18 Girls 30th"]
[Site "Antalya"]
[Date "2022.11.10"]
[Round "5"]
[White "Ruzic, Pia Marie"]
[Black "Carevic, Milica"]
[Result "1/2-1/2"]
[WhiteElo "1987"]
[BlackElo "1714"]
[PlyCount "68"]
[EventDate "2022.11.06"]
[EventType "swiss"]
[EventRounds "9"]
[EventCountry "TUR"]
[SourceTitle "EXT 2024"]
[Source "ChessBase"]
[SourceDate "2023.10.10"]
[SourceVersion "1"]
[SourceVersionDate "2023.10.10"]
[SourceQuality "1"]

1. Nf3 Nf6 2. c4 e6 3. g3 d5 4. Bg2 c6 5. d4 Bd6 6. Nbd2 0-0 7. 0-0 Nbd7 8. Qc2 Re8 9. Rd1 Qe7 10. e4 dxe4 11. Nxe4 Nxe4 12. Qxe4 Nf6 13. Qc2 h6 14. b3 Bd7 15. Bb2 Rac8 16. Ne5 Red8 17. Qe2 b6 18. Nd3 Re8 19. a4 a5 20. Bc3 Nh7 21. Re1 c5 22. dxc5 Bxc5 23. Nxc5 Qxc5 24. Qg4 f6 25. h4 Qe7 26. Rad1 Bc6 27. Bxc6 Rxc6 28. Qd4 e5 29. Qd5+ Qe6 30. Bxe5 Nf8 31. Bc3 Qxd5 32. cxd5 Rxe1+ 33. Rxe1 Rd6 34. b4 Rxd5 1/2-1/2

[Event "SLO-chT 32nd"]
[Site "Ljubljana"]
[Date "2022.10.28"]
[Round "7.4"]
[White "Ruzic, Pia Marie"]
[Black "Novak, Rok"]
[Result "1-0"]
[WhiteElo "2104"]
[BlackElo "1763"]
[PlyCount "80"]
[EventDate "2022.09.02"]
[EventType "team-tourn"]
[EventRounds "9"]
[EventCountry "SLO"]
[SourceTitle "EXT 2024"]
[Source "ChessBase"]
[SourceDate "2023.10.10"]
[SourceVersion "1"]
[SourceVersionDate "2023.10.10"]
[SourceQuality "1"]
[WhiteTeam "Krsko Triglav"]
[BlackTeam "Celje"]
[WhiteTeamCountry "SLO"]
[BlackTeamCountry "SVK"]

1. Nf3 d5 2. g3 c5 3. Bg2 Nc6 4. 0-0 e5 5. d3 Be7 6. e4 d4 7. c3 h5 8. h4 Be6 9. cxd4 cxd4 10. Ng5 Bxg5 11. Bxg5 f6 12. Bd2 Qb6 13. b3 Qa6 14. Be1 Rc8 15. f4 Bg4 16. Bf3 Nh6 17. a4 Bxf3 18. Qxf3 Ng4 19. Na3 0-0 20. Bd2 Rfd8 21. Nc4 b5 22. axb5 Qxb5 23. b4 Rb8 24. Rfb1 Rd7 25. Na3 Qb7 26. b5 Nd8 27. Nc4 Nf7 28. Na5 Qc8 29. Nc6 Rbb7 30. Rc1 Qe8 31. Rc5 Qe6 32. Rac1 Qb3 33. Na5 Qb2 34. R5c2 Qxb5 35. Rc8+ Kh7 36. Nxb7 Rxb7 37. fxe5 Nfxe5 38. Qf5+ g6 39. R8c7+ Nd7 40. Qxb5 Rxb5 1-0

[Event "EU-ch Amateur U2300"]
[Site "Zagreb"]
[Date "2022.08.20"]
[Round "8"]
[White "Brigljevic, Milan"]
[Black "Ruzic, Pia Marie"]
[Result "0-1"]
[WhiteElo "2161"]
[BlackElo "1996"]
[PlyCount "80"]
[EventDate "2022.08.14"]
[EventType "swiss"]
[EventRounds "9"]
[EventCountry "CRO"]
[SourceTitle "CBM 210 Extra"]
[Source "ChessBase"]
[SourceDate "2022.11.30"]
[SourceVersion "1"]
[SourceVersionDate "2022.11.30"]
[SourceQuality "1"]

1. e4 e6 2. d3 d5 3. Nd2 b6 4. g3 Bb7 5. Bg2 c5 6. Ngf3 Nc6 7. 0-0 dxe4 8. dxe4 e5 9. Re1 Nf6 10. c3 Be7 11. Nh4 0-0 12. Nf5 Qc7 13. Nc4 Rfd8 14. Qf3 b5 15. Nce3 Na5 16. Nxe7+ Qxe7 17. Nf5 Qe6 18. Bg5 Nc4 19. Bh3 Qb6 20. Nh6+ Kf8 21. Ng4 Nxg4 22. Bxd8 Nxh2 23. Kxh2 Rxd8 24. b3 Nd2 25. Qe3 Bxe4 26. Bg2 Rd3 27. Qe2 Qh6+ 28. Kg1 Nf3+ 29. Kf1 Nd2+ 30. Kg1 Bxg2 31. Kxg2 Qc6+ 32. Kh3 Rd6 33. g4 e4 34. Rad1 Rh6+ 35. Kg2 e3+ 36. f3 Nxf3 37. Rd8+ Ke7 38. Qxe3+ Ne5+ 39. Kg3 Kxd8 40. Qxe5 Qd6 0-1

[Event "EU-chT U18 Girls"]
[Site "Thessaloniki"]
[Date "2022.07.15"]
[Round "4.1"]
[White "Ruzic, Pia Marie"]
[Black "Lehaci, Miruna Daria"]
[Result "1/2-1/2"]
[WhiteElo "2025"]
[BlackElo "2193"]
[PlyCount "92"]
[EventDate "2022.07.12"]
[EventType "team-swiss"]
[EventRounds "7"]
[EventCountry "GRE"]
[SourceTitle "EXT 2023"]
[Source "ChessBase"]
[SourceDate "2022.10.05"]
[SourceVersion "1"]
[SourceVersionDate "2022.10.05"]
[SourceQuality "1"]
[WhiteTeam "Slovenia U18"]
[BlackTeam "Romania U18"]
[WhiteTeamCountry "SLO"]
[BlackTeamCountry "ROU"]

1. c4 e5 2. Nc3 Nf6 3. Nf3 Nc6 4. e3 Bb4 5. Qc2 0-0 6. Be2 Re8 7. 0-0 e4 8. Nd4 Nxd4 9. exd4 d5 10. a3 Bd6 11. c5 Bf4 12. d3 e3 13. fxe3 Bxe3+ 14. Bxe3 Rxe3 15. Qd2 Re8 16. Rae1 c6 17. Bd1 Rxe1 18. Qxe1 Bg4 19. Bxg4 Nxg4 20. h3 Nh6 21. b4 Qd7 22. b5 Re8 23. bxc6 bxc6 24. Qg3 Nf5 25. Qf4 g6 26. Rb1 Qe7 27. Rb8 Rxb8 28. Qxb8+ Kg7 29. Qe5+ Qxe5 30. dxe5 f6 31. exf6+ Kxf6 32. Kf2 Ke5 33. g4 Nd4 34. Na2 a5 35. Nc1 Ne6 36. Nb3 a4 37. Na5 Nd8 38. Ke3 d4+ 39. Kf3 Kd5 40. Nc4 Kxc5 41. Nb2 Kb5 42. Ke4 c5 43. Kd5 Nc6 44. Nc4 Ne7+ 45. Kd6 Nc6 46. Kd5 Ne7+ 1/2-1/2

[Event "SLO-chT (Women)"]
[Site "Rogaska Slatina"]
[Date "2022.05.13"]
[Round "1.1"]
[White "Ruzic, Pia Marie"]
[Black "Unuk, Laura"]
[Result "0-1"]
[WhiteElo "2057"]
[BlackElo "2338"]
[PlyCount "51"]
[EventDate "2022.05.13"]
[EventType "team-tourn"]
[EventRounds "5"]
[EventCountry "SLO"]
[SourceTitle "EXT 2024"]
[Source "ChessBase"]
[SourceDate "2023.10.10"]
[SourceVersion "1"]
[SourceVersionDate "2023.10.10"]
[SourceQuality "1"]
[WhiteTeam "Krsko Triglav (W)"]
[BlackTeam "Ljubljana Tajfun (W)"]
[WhiteTeamCountry "SLO"]
[BlackTeamCountry "SLO"]

1. c4 e5 2. Nc3 Nc6 3. Nf3 Nf6 4. e3 Bb4 5. Qc2 Bxc3 6. Qxc3 Qe7 7. Be2 0-0 8. 0-0 d5 9. d4 e4 10. Ne5 Nxe5 11. dxe5 Nd7 12. cxd5 Nxe5 13. b3 Bg4 14. Bxg4 Nxg4 15. Bb2 f6 16. Rac1 Rf7 17. Qd4 Nh6 18. Rc4 Re8 19. Qxa7 Nf5 20. Rfc1 Qd8 21. Ba3 Qxd5 22. Rc5 Qe6 23. Qxb7 Nh4 24. h3 Nf3+ 25. gxf3 exf3 26. Kh2 0-1

[Event "Wch U18 Girls blitz"]
[Site "Rhodes"]
[Date "2022.05.03"]
[Round "3"]
[White "Ruzic, Pia Marie"]
[Black "Hryzlova, Sofiia"]
[Result "0-1"]
[WhiteElo "1928"]
[BlackElo "2021"]
[PlyCount "84"]
[EventDate "2022.05.03"]
[EventType "swiss (blitz)"]
[EventRounds "9"]
[EventCountry "GRE"]
[SourceTitle "CBM 208 Extra"]
[Source "ChessBase"]
[SourceDate "2022.07.31"]
[SourceVersion "1"]
[SourceVersionDate "2022.07.31"]
[SourceQuality "1"]

1. c4 Nf6 2. Nc3 c5 3. Nf3 g6 4. d4 cxd4 5. Nxd4 Bg7 6. g3 0-0 7. Bg2 a6 8. 0-0 Nc6 9. Rb1 Qc7 10. b3 d6 11. Nxc6 bxc6 12. Bb2 Bb7 13. c5 Rad8 14. Qc2 d5 15. e3 Bc8 16. Rbd1 h5 17. h4 e5 18. Ne2 Bf5 19. Qc1 Rfe8 20. Rfe1 Qc8 21. Qa1 Ne4 22. Nc3 Nxc5 23. e4 dxe4 24. Rxd8 Rxd8 25. Nxe4 Nd3 26. Rd1 Bg4 27. f3 Nxb2 28. Rxd8+ Qxd8 29. Qxb2 Qd1+ 30. Kh2 Bxf3 31. Qd2 Qxd2 32. Nxd2 Bxg2 33. Kxg2 f5 34. Nc4 Kf7 35. Na5 c5 36. Nb7 Bf8 37. Kf3 Be7 38. Ke3 Ke6 39. Kd3 Kd5 40. Na5 f4 41. gxf4 exf4 42. Nc4 Bxh4 0-1

[Event "EU-ch 22nd"]
[Site "Terme Catez"]
[Date "2022.04.02"]
[Round "7"]
[White "Ruzic, Pia Marie"]
[Black "Kanov, Nikola"]
[Result "0-1"]
[WhiteElo "2072"]
[BlackElo "2265"]
[PlyCount "42"]
[EventDate "2022.03.27"]
[EventType "swiss"]
[EventRounds "11"]
[EventCountry "SLO"]
[SourceTitle "CBM 208"]
[Source "ChessBase"]
[SourceDate "2022.06.30"]
[SourceVersion "1"]
[SourceVersionDate "2022.06.30"]
[SourceQuality "1"]

1. c4 c5 2. Nc3 g6 3. Nf3 Bg7 4. e3 Nf6 5. d4 0-0 6. d5 d6 7. Be2 e6 8. e4 exd5 9. exd5 Re8 10. h3 Bf5 11. 0-0 Ne4 12. Nxe4 Bxe4 13. Ne1 Qh4 14. Bd3 Nd7 15. Be3 Bxd3 16. Qxd3 Ne5 17. Qb3 Qxc4 18. Qxb7 Reb8 19. Qc7 Qxd5 20. Nc2 Rc8 21. Qe7 Qe4 0-1

[Event "EU-chT (Women) 23rd"]
[Site "Terme Catez"]
[Date "2021.11.12"]
[Round "1.11"]
[White "Gaal, Zsoka"]
[Black "Ruzic, Pia Marie"]
[Result "1-0"]
[WhiteElo "2336"]
[BlackElo "2049"]
[PlyCount "99"]
[EventDate "2021.11.12"]
[EventType "team-swiss"]
[EventRounds "9"]
[EventCountry "SLO"]
[SourceTitle "CBM 205"]
[Source "ChessBase"]
[SourceDate "2021.12.31"]
[SourceVersion "1"]
[SourceVersionDate "2021.12.31"]
[SourceQuality "1"]
[WhiteTeam "Hungary (W)"]
[BlackTeam "Slovenia (W) II"]
[WhiteTeamCountry "HUN"]
[BlackTeamCountry "SLO"]

1. Nf3 Nf6 2. g3 g6 3. Bg2 Bg7 4. d4 d6 5. c4 0-0 6. Nc3 Nc6 7. 0-0 a6 8. b3 Rb8 9. d5 Na5 10. Bg5 b5 11. cxb5 axb5 12. b4 Nc4 13. Nd4 Bd7 14. Rc1 Qe8 15. e3 e6 16. dxe6 fxe6 17. Qe2 d5 18. Rfd1 c6 19. Nb3 e5 20. Bxf6 Rxf6 21. Nc5 Bc8 22. a4 e4 23. axb5 Ne5 24. Qa2 Kh8 25. bxc6 Nxc6 26. Nxd5 Rf8 27. Nxe4 Bg4 28. Rd2 Nxb4 29. Nxb4 Rxb4 30. h3 Be6 31. Qa5 Ra4 32. Qc7 Ra2 33. Rxa2 Bxa2 34. Qa7 Bd5 35. Rc7 Qe5 36. f4 Qb2 37. Nf2 Ra8 38. Qc5 Ra1+ 39. Kh2 Qxf2 40. Rc8+ Bg8 41. h4 h5 42. Qd5 Kh7 43. Qxg8+ Kh6 44. Rc7 Qb2 45. Qd5 Ra2 46. Qe4 Ra6 47. Kh3 Qe2 48. Qe7 Qb2 49. Qg5+ Kh7 50. Be4 1-0

[Event "Trieste op 23rd"]
[Site "Trieste"]
[Date "2021.08.28"]
[Round "1"]
[White "Ruzic, Pia Marie"]
[Black "Diermair, Andreas"]
[Result "0-1"]
[WhiteElo "2083"]
[BlackElo "2476"]
[PlyCount "74"]
[EventDate "2021.08.28"]
[EventType "swiss"]
[EventRounds "9"]
[EventCountry "ITA"]
[SourceTitle "CBM 204 Extra"]
[Source "ChessBase"]
[SourceDate "2021.11.30"]
[SourceVersion "1"]
[SourceVersionDate "2021.11.30"]
[SourceQuality "1"]

1. c4 e5 2. Nc3 Bb4 3. Nd5 a5 4. a3 Be7 5. Nf3 d6 6. d4 e4 7. Nd2 f5 8. e3 c6 9. Nxe7 Qxe7 10. d5 Nf6 11. dxc6 bxc6 12. Be2 0-0 13. 0-0 a4 14. b4 axb3 15. Nxb3 c5 16. Bb2 Be6 17. Nd2 Nbd7 18. a4 Ne5 19. Qc2 Ra6 20. Nb1 Qf7 21. Na3 Rfa8 22. Bxe5 dxe5 23. Nb5 f4 24. f3 exf3 25. Bxf3 Rf8 26. exf4 exf4 27. Rfd1 Ng4 28. Nd6 Qe7 29. Nb7 Ne3 30. Qf2 Bc8 31. Rdb1 g5 32. Ra3 g4 33. Rxe3 fxe3 34. Bd5+ Kg7 35. Qb2+ Qf6 36. Nxc5 Qxb2 37. Rxb2 Raf6 0-1

[Event "Solta op 4th"]
[Site "Grohote"]
[Date "2021.08.10"]
[Round "4"]
[White "Gelle, Istvan"]
[Black "Ruzic, Pia Marie"]
[Result "1-0"]
[WhiteElo "2253"]
[BlackElo "2083"]
[PlyCount "67"]
[EventDate "2021.08.08"]
[EventType "swiss"]
[EventRounds "9"]
[EventCountry "CRO"]
[SourceTitle "CBM 203 Extra"]
[Source "ChessBase"]
[SourceDate "2021.09.30"]
[SourceVersion "1"]
[SourceVersionDate "2021.09.30"]
[SourceQuality "1"]

1. d4 Nf6 2. Bf4 d5 3. e3 c5 4. c3 Nc6 5. Nd2 Qb6 6. Qb3 c4 7. Qc2 g6 8. e4 Nxe4 9. Nxe4 dxe4 10. Bxc4 Bf5 11. Qb3 Qxb3 12. axb3 Bg7 13. Be3 0-0 14. Ne2 Rfd8 15. h3 h5 16. 0-0 a6 17. Ng3 e6 18. b4 Bf6 19. f3 exf3 20. Nxf5 exf5 21. Rxf3 Kg7 22. g4 hxg4 23. hxg4 fxg4 24. Rxf6 Kxf6 25. Rf1+ Kg7 26. Rxf7+ Kh8 27. Bg5 Rd6 28. Rxb7 Re8 29. Rf7 Re1+ 30. Kf2 Rb1 31. Bf6+ Rxf6+ 32. Rxf6 Rxb2+ 33. Kg3 Ne7 34. Rf8+ 1-0

[Event "World Cup U18 Girls Prel"]
[Site "Tornelo INT"]
[Date "2021.08.01"]
[Round "9"]
[White "Ruzic, Pia Marie"]
[Black "Beydullayeva, Govhar"]
[Result "1/2-1/2"]
[WhiteElo "1932"]
[BlackElo "2264"]
[PlyCount "48"]
[EventDate "2021.08.01"]
[EventType "swiss (rapid)"]
[EventRounds "10"]
[EventCountry "NET"]
[SourceTitle "EXT 2024"]
[Source "ChessBase"]
[SourceDate "2023.10.10"]
[SourceVersion "1"]
[SourceVersionDate "2023.10.10"]
[SourceQuality "1"]

1. c4 e6 2. Nf3 d5 3. g3 dxc4 4. Qa4+ Bd7 5. Qxc4 c5 6. Bg2 Bc6 7. 0-0 Nd7 8. d4 Ngf6 9. Rd1 Rc8 10. Nc3 cxd4 11. Qxd4 Bc5 12. Qd3 Qb6 13. e3 0-0 14. b3 Rfd8 15. Bb2 Ng4 16. Qe2 Bb4 17. Rac1 Qa5 18. Na4 Bxa4 19. Rxc8 Rxc8 20. bxa4 Ngf6 21. Nd4 Nc5 22. Nb3 Qxa4 23. Nxc5 Bxc5 24. Bxb7 Rb8 1/2-1/2

[Event "Otocec Krka Terme op"]
[Site "Otocec"]
[Date "2021.07.10"]
[Round "9"]
[White "Srebrnic, Marko"]
[Black "Ruzic, Pia Marie"]
[Result "0-1"]
[WhiteElo "2400"]
[BlackElo "1932"]
[PlyCount "158"]
[EventDate "2021.07.03"]
[EventType "swiss"]
[EventRounds "9"]
[EventCountry "SLO"]
[SourceTitle "CBM 203 Extra"]
[Source "ChessBase"]
[SourceDate "2021.09.30"]
[SourceVersion "1"]
[SourceVersionDate "2021.09.30"]
[SourceQuality "1"]

1. e4 e6 2. d4 d5 3. Nc3 Nf6 4. Bg5 Be7 5. e5 Nfd7 6. Bxe7 Qxe7 7. f4 a6 8. Nf3 Nb6 9. Qd2 Bd7 10. 0-0-0 Bb5 11. Bd3 Nc6 12. Kb1 Bxd3 13. cxd3 g6 14. Rc1 Qb4 15. a3 Qa5 16. Qc2 h5 17. g3 Nc8 18. Na4 N8e7 19. Qd1 b5 20. Nc5 Qb6 21. h3 a5 22. b3 Nf5 23. Qg1 0-0-0 24. Rh2 Nb8 25. Ng5 Rdf8 26. g4 Ne7 27. Rf2 Nd7 28. f5 gxf5 29. gxf5 Nxf5 30. Rxf5 exf5 31. Qf2 Qg6 32. Qf4 Nxc5 33. Rxc5 Qb6 34. Qxf5+ Kb7 35. Qf3 c6 36. Qf6 Rhg8 37. h4 Qc7 38. Rc1 Rg6 39. Qf3 Qe7 40. Kb2 f6 41. Qxh5 Rfg8 42. exf6 Rxf6 43. Rc2 Rgf8 44. Qg4 Rf2 45. Ne6 Rxc2+ 46. Kxc2 Rf2+ 47. Kd1 Ka7 48. b4 a4 49. h5 Qf6 50. Qg3 Qf3+ 51. Qxf3 Rxf3 52. Kd2 Rf6 53. Ng7 Kb7 54. Kc3 Rh6 55. Kd2 Rh7 56. h6 Rxh6 57. Nf5 Rh1 58. Kc2 Kc7 59. Ne3 Kd6 60. Ng4 Rg1 61. Ne5 Rg2+ 62. Kb1 Re2 63. Nf7+ Ke6 64. Nd8+ Kd7 65. Nb7 Rd2 66. Ka1 Ke7 67. Nc5 Kf6 68. Nd7+ Kf5 69. Ne5 Kf4 70. Nxc6 Rxd3 71. Kb2 Rb3+ 72. Ka2 Ke4 73. Na7 Kxd4 74. Nxb5+ Ke3 75. Nd6 d4 76. Nf5+ Ke4 77. Nd6+ Kd3 78. Nb7 Kc2 79. Nc5 d3 0-1

[Event "Otocec Krka Terme op"]
[Site "Otocec"]
[Date "2021.07.04"]
[Round "3"]
[White "Urh, Zala"]
[Black "Ruzic, Pia Marie"]
[Result "1-0"]
[WhiteElo "2168"]
[BlackElo "1932"]
[PlyCount "53"]
[EventDate "2021.07.03"]
[EventType "swiss"]
[EventRounds "9"]
[EventCountry "SLO"]
[SourceTitle "CBM 203 Extra"]
[Source "ChessBase"]
[SourceDate "2021.09.30"]
[SourceVersion "1"]
[SourceVersionDate "2021.09.30"]
[SourceQuality "1"]

1. d4 Nf6 2. c4 g6 3. g3 Bg7 4. Bg2 d6 5. Nc3 0-0 6. Nf3 Nc6 7. 0-0 a6 8. d5 Na5 9. b3 c5 10. dxc6 Nxc6 11. Bb2 Qa5 12. Ne1 Ng4 13. Rc1 Qh5 14. h3 Nf6 15. e4 Qh6 16. g4 Qg5 17. f4 Qa5 18. Nd3 Rb8 19. Kh1 Nd7 20. a3 e5 21. f5 Qd8 22. Ne1 Nd4 23. Nf3 Nxf3 24. Rxf3 Bh6 25. Rc2 Nf6 26. Rd3 Ne8 27. c5 1-0

[Event "Otocec Krka Terme op"]
[Site "Otocec"]
[Date "2021.07.03"]
[Round "1"]
[White "Zupancic, Jernej"]
[Black "Ruzic, Pia Marie"]
[Result "0-1"]
[WhiteElo "2250"]
[BlackElo "1932"]
[PlyCount "38"]
[EventDate "2021.07.03"]
[EventType "swiss"]
[EventRounds "9"]
[EventCountry "SLO"]
[SourceTitle "CBM 203 Extra"]
[Source "ChessBase"]
[SourceDate "2021.09.30"]
[SourceVersion "1"]
[SourceVersionDate "2021.09.30"]
[SourceQuality "1"]

1. c4 g6 2. Nc3 Bg7 3. g3 d6 4. Bg2 e5 5. e3 Ne7 6. Nge2 Nd7 7. d3 0-0 8. 0-0 h5 9. f4 Nf6 10. h3 a5 11. a3 c6 12. Rb1 exf4 13. Nxf4 d5 14. cxd5 Nexd5 15. e4 Qb6+ 16. Rf2 Nxc3 17. bxc3 Qxb1 18. Rb2 Qa1 19. Qc2 Qxa3 0-1

[Event "Mitropa Cup Online (Women)"]
[Site "Tornelo INT"]
[Date "2021.05.12"]
[Round "9.4"]
[White "Ruzic, Pia Marie"]
[Black "Terbe, Zsuzsanna"]
[Result "0-1"]
[WhiteElo "1990"]
[BlackElo "2186"]
[PlyCount "92"]
[EventDate "2021.05.04"]
[EventType "team-tourn"]
[EventRounds "9"]
[EventCountry "SUI"]
[SourceTitle "CBM 202 Extra"]
[Source "ChessBase"]
[SourceDate "2021.07.31"]
[SourceVersion "1"]
[SourceVersionDate "2021.07.31"]
[SourceQuality "1"]
[WhiteTeam "Slovenia (W)"]
[BlackTeam "Hungary (W)"]
[WhiteTeamCountry "SLO"]
[BlackTeamCountry "HUN"]

1. c4 c6 2. Nf3 d5 3. d4 Nf6 4. Qc2 g6 5. g3 Bg7 6. Bg2 0-0 7. 0-0 dxc4 8. Qxc4 Be6 9. Qc2 Bf5 10. Qb3 Qb6 11. Nc3 Qxb3 12. axb3 Nbd7 13. b4 a6 14. Na4 Ne8 15. Bf4 h6 16. h4 Nef6 17. Nc5 Nxc5 18. bxc5 Rad8 19. Be5 Rfe8 20. Ra4 Nd5 21. Bxg7 Kxg7 22. Nd2 Nc7 23. f4 Nb5 24. e3 f6 25. Nf3 Be4 26. Raa1 Bxf3 27. Rxf3 e5 28. fxe5 fxe5 29. Raf1 Rd7 30. Bh3 Rc7 31. dxe5 Rxe5 32. Rc1 Rce7 33. Kf2 Nc7 34. Rc3 Nd5 35. Rd3 Nf6 36. b4 Nd5 37. Rd4 Nxe3 38. Rd8 Nd5 39. Rff8 Rf7+ 40. Rxf7+ Kxf7 41. Bc8 Re7 42. Rd7 Rxd7 43. Bxd7 Nxb4 44. Ke3 Ke7 45. Bh3 a5 46. Kd2 Na6 0-1

[Event "Budapest FS03 Nadassy"]
[Site "Budapest"]
[Date "2021.03.10"]
[Round "5"]
[White "Kahn, Evarth"]
[Black "Ruzic, Pia Marie"]
[Result "1-0"]
[WhiteElo "2167"]
[BlackElo "2026"]
[PlyCount "81"]
[EventDate "2021.03.06"]
[EventType "tourn"]
[EventRounds "10"]
[EventCountry "HUN"]
[SourceTitle "EXT 2022"]
[Source "ChessBase"]
[SourceDate "2021.10.06"]
[SourceVersion "1"]
[SourceVersionDate "2021.10.06"]
[SourceQuality "1"]
[WhiteTeam "Team A"]
[BlackTeam "Team B"]
[WhiteTeamCountry "HUN"]
[BlackTeamCountry "HUN"]

1. d4 Nf6 2. c4 g6 3. Nc3 Bg7 4. e4 d6 5. f3 0-0 6. Be3 c5 7. d5 e6 8. Qd2 exd5 9. cxd5 Nbd7 10. Nh3 Ne5 11. Nf2 a6 12. a4 Bd7 13. a5 b5 14. axb6 Qxb6 15. Be2 Bb5 16. Nxb5 axb5 17. Rxa8 Rxa8 18. b4 Ra1+ 19. Nd1 Qa6 20. bxc5 Nc4 21. Bxc4 bxc4 22. Bd4 Ra2 23. Qb4 dxc5 24. Qb8+ Bf8 25. Bc3 Rxg2 26. Nf2 Qa2 27. Qb2 Rxf2 28. Kxf2 Qxb2+ 29. Bxb2 Bg7 30. Ke2 g5 31. Rg1 h6 32. h4 Nxd5 33. Bxg7 Nf4+ 34. Ke3 Kxg7 35. hxg5 Ne6 36. gxh6+ Kxh6 37. f4 c3 38. Rc1 f5 39. exf5 Nd4 40. Rxc3 Nxf5+ 41. Ke4 1-0